000 00669nam a2200217Ia 4500
001 21645
003 DO-CoUTE
005 20260204212626.0
008 220104s9999 dr 000 0 spa d
040 _aDO-CoUTE
_bspa
_cDO-CoUTE
041 0 _aspa
082 _aRD-R 621.319 E83e
110 _aEmpresa de trasmision electrica dominicana(ETED)
245 1 0 _aInforme de peaje de transmision 2016-2019 / Empresas de trasmision electrica dominicana(ETED)
260 _aSanoto Domingo,República Dominicana : ETED
300 _a244 páginas
500 _a1.Incluye cd
942 _2ddc
_cBK
999 _c21386
_d21386